|
|
|
|
| LEADER |
00000nkm a2200000 a 4500 |
| 001 |
vtls011983572 |
| 003 |
SK-MaSNL |
| 005 |
20260512123158.0 |
| 007 |
kp bo |
| 008 |
230706q1927 xo g kuslo |
| 015 |
|
|
|a SNBG1927
|
| 035 |
|
|
|a urn:nbn:sk:snk-km00fcm4
|
| 035 |
|
|
|a urn:nbn:sk:snk-km45u8x
|
| 035 |
|
|
|a 9526D5ED-3876-49C2-9DE3-82E0D0CC2918
|
| 040 |
|
|
|a SNK
|b slo
|c SNK
|e AACR2
|
| 041 |
0 |
|
|a slo
|
| 043 |
|
|
|a e-xo---
|
| 044 |
|
|
|a xo
|c SK
|
| 072 |
|
7 |
|a 913
|x Regionálna geografia
|2 konspekt
|
| 080 |
|
|
|a 913(437.6)
|2 2011
|
| 080 |
|
|
|a (084.121)
|2 2011
|
| 080 |
|
|
|a 721
|2 2011
|
| 080 |
|
|
|a 630
|2 2011
|
| 080 |
|
|
|a 725.2
|2 2001
|
| 245 |
0 |
0 |
|a Banská - Bystrica
|h grafika
|b Lesné riaditelstvo
|
| 246 |
3 |
3 |
|a Banská Bystrica
|b Lesné riaditeľstvo
|
| 260 |
|
|
|a [Slovensko?]
|b [vydavateľ neznámy]
|c [1927?]
|
| 300 |
|
|
|a 1 pohľadnica
|b čiernobiela
|c 9 x 14 cm
|
| 500 |
|
|
|a Názvové údaje prevzaté z obrazovej časti pohľadnice
|
| 520 |
8 |
|
|a Zobrazenie: V bielom orámovaní pohľad z cesty na rad domov, pred ktorými je rad stromov. Na prízemí budovy vľavo je časť nápisu "qel". Pod stromom vľavo stoja traja ľudia a dvaja muži sú vpravo. Pri dvoch stromoch úplne vpravo stoja dva kone, zapriahnuté do rebriňáka
|
| 610 |
2 |
7 |
|a Lesné riaditeľstvo (Banská Bystrica, Slovensko)
|2 SNKKA
|9 364348
|
| 650 |
0 |
7 |
|a budovy
|2 SNKPH
|9 1283
|
| 650 |
0 |
7 |
|a lesníctvo
|2 SNKPH
|9 1255
|
| 650 |
0 |
7 |
|a administratívne budovy
|2 SNKPH
|9 2988
|
| 651 |
|
7 |
|a Banská Bystrica (Slovensko)
|2 SNKPHgeo
|9 22015
|
| 655 |
|
7 |
|a miestne pohľadnice
|2 SNKPH
|9 70510
|
| 852 |
|
|
|a Slovenská národná knižnica
|
| 958 |
|
|
|a GBN
|
| 958 |
|
|
|a ONDV
|
| 958 |
|
|
|a GC
|
| 999 |
|
|
|c 694585
|d 696515
|
| 952 |
|
|
|a SNK
|b SNK
|y PREZ
|7 0
|p 17A1436700
|o snkSP 75096
|0 0
|1 0
|4 0
|d 2020-07-23
|f 1
|l 0
|r 2026-02-23 20:38:27
|w 2026-02-23
|